Just Pretend - Bad Omens - Statistics

General Stats
  • This quiz has been taken 34 times
    13 since last reset
  • The average score is 242 of 292
Answer Stats
% Correct
a
100%
again
100%
at
100%
bottom
100%
but
100%
can
100%
go)
100%
I
100%
(I
100%
I'm
100%
just
100%
know
100%
me
100%
my
100%
of
100%
on
100%
pretend
100%
the
100%
to
100%
try
100%
want
100%
We
100%
We'll
100%
we're
100%
when
100%
where
100%
will
100%
you
100%
your
100%
you've
100%
afraid
75%
against
75%
ain't
75%
and
75%
away
75%
best
75%
come
75%
different
75%
don't
75%
drown
75%
for
75%
getting
75%
gotta
75%
have
75%
Heaven
75%
if
75%
I'll
75%
knows
75%
let
75%
not
75%
okay
75%
Or
75%
out?
75%
over
75%
pain
75%
sins
75%
So
75%
so
75%
stay
75%
Stay
75%
that
75%
then
75%
wage
75%
wait
75%
war
75%
Way
75%
would
75%
years
75%
behind
50%
by
50%
day
50%
down
50%
down,
50%
face,
50%
feel
50%
goes
50%
hide
50%
make
50%
morning
50%
same
50%
say
50%
smile
50%
'Til
50%
'til
50%
Weigh
50%
worthy?
50%
amends
25%
think
25%
No matching quizzes found
Score Distribution
Percent of People with Each Score
Percentile by Number Answered
Your Score History
You have not taken this quiz since the last reset